Countries and Territories With 0% Income Tax - Statistics

General Stats
  • This quiz has been taken 21 times
  • The average score is 13 of 21
Answer Stats
Hint Answer % Correct
Middle East Saudi Arabia
100%
Middle East United Arab Emirates
100%
Middle East Bahrain
93%
Middle East Qatar
93%
Middle East Oman
86%
Asia Brunei
79%
Middle East Kuwait
79%
Europe Monaco
79%
Americas Antigua and Barbuda
71%
Americas St Kitts & Nevis
64%
Americas The Bahamas
64%
Europe Vatican City
64%
Americas Cayman Islands
57%
Americas Bermuda
50%
Americas British Virgin Islands
43%
Oceania Vanuatu
43%
Americas Anguilla
36%
Asia North Korea
29%
Americas Turks and Caicos
29%
Americas Saint Barthélemy
21%
Oceania Wallis and Futuna
21%
No matching quizzes found
Score Distribution
Percent of People with Each Score
Percentile by Number Answered
Your Score History
You have not taken this quiz